000
00211 a2200085 4500
020
_a
9783966800242
100
_a
TANJA C. VOLLMER
245
_a
BUILDING TO HEAL. NEW ARCHITECTURE FOR HOSPITALS
260
_b
ARCHITANGLE
999
_c
13091
_d
13091